| 000 | 00850 a2200205 4500 | ||
|---|---|---|---|
| 003 | Nust | ||
| 005 | 20221202115228.0 | ||
| 010 | _a 72002500 | ||
| 020 | _a0070150044 | ||
| 040 | _cNust | ||
| 082 | 0 | 0 | _a621.38153,CUT |
| 100 | 1 |
_aCutler, Phillip. _977035 |
|
| 245 | 1 | 0 |
_aLinear electronic circuits : _bwith illustrative problems / _cPhillip Cutler, |
| 260 |
_aNew York, _bMcGraw-Hill _c[1972] |
||
| 300 |
_aviii, 196 p. _billus. _c28 cm. |
||
| 505 | _aMultistage, Integrated Circuit and Functional Amplifiers (Page-1), Power Amplifiers (Page-31), Feedback Principles (Page-52), Integrated Circuits (Page-75), The Operational Amplifier (Op-Amp) (Page-101), Power Supplies and Regulators (Page-141), Oscillators (Page-169). | ||
| 650 | 0 |
_aElectronic apparatus and appliances. _910193 |
|
| 650 | 0 | _aTelecommunication Engineering | |
| 942 |
_2ddc _cBK |
||
| 999 |
_c190618 _d190618 |
||